[Event "ICS Rated blitz match"]
[Site "207.99.83.229"]
[Date "1999.05.26"]
[Round "?"]
[White "Hossa"]
[Black "Quaestor"]
[Result "0-1"]
[WhiteElo "2413"]
[BlackElo "2793"]
[PlyCount "123"]

1. e4 c5 2. Nf3 Nc6 3. d4 cxd4 4. Nxd4 e6 5. Nxc6 bxc6 6. Bd3 Nf6 7. O-O d5 8.
e5 Nd7 9. Qh5 Rb8 10. Nd2 Nc5 11. Nb3 Nxd3 12. cxd3 Ba6 13. Rd1 c5 14. Be3 d4
15. Bg5 Qc7 16. f4 Bb7 17. Nd2 Bd5 18. b3 Be7 19. Bxe7 Qxe7 20. f5 g6 21. fxg6
fxg6 22. Qh6 Qf8 23. Qxf8+ Rxf8 24. Rac1 Rb5 25. Nc4 Bxc4 26. Rxc4 Rf5 27. Re1
Ra5 28. Re2 h6 29. Rcc2 h5 30. Re1 g5 31. h3 Kd7 32. Kh2 h4 33. Ree2 Kc6 34.
Rc1 Ra3 35. g3 Rf3 36. gxh4 gxh4 37. Rd2 a5 38. Rcd1 Kd5 39. Kg2 Rg3+ 40. Kh2
a4 41. bxa4 Kxe5 42. a5 Kd6 43. a6 c4 44. dxc4 Rxh3+ 45. Kg1 Rhg3+ 46. Kf2 e5
47. Rc2 h3 48. Kf1 Raf3+ 49. Rf2 h2 50. Ke2 Re3+ 51. Kd2 Rd3+ 52. Kc2 Rxd1 53.
Rxh2 Rdg1 54. Rh6+ Kc5 55. Rh8 R1g2+ 56. Kb1 Re2 57. Rh1 Ra3 58. Rh6 e4 59. Kc1
Kxc4 60. Rc6+ Kd3 61. Kb1 Rexa2 62. a7 {Hossa resigns} 0-1

[Event "ICS Rated blitz match"]
[Site "207.99.83.229"]
[Date "1999.05.26"]
[Round "?"]
[White "Quaestor"]
[Black "Hossa"]
[Result "1-0"]
[WhiteElo "2796"]
[BlackElo "2410"]
[PlyCount "72"]

1. d4 Nf6 2. c4 e6 3. Nf3 d5 4. Bg5 dxc4 5. Nc3 Bb4 6. e4 c5 7. Bxc4 cxd4 8.
Nxd4 Bxc3+ 9. bxc3 Qa5 10. Bxf6 Qxc3+ 11. Kf1 gxf6 12. Rc1 Qa5 13. h4 O-O 14.
Rh3 e5 15. Rg3+ Kh8 16. Qh5 Qd8 17. Qh6 Rg8 18. Rxg8+ Kxg8 19. Bxf7+ Kxf7 20.
Qxh7+ Ke8 21. Qg8+ Ke7 22. Rxc8 Qxg8 23. Nf5+ Kf7 24. Nh6+ Kg6 25. Nxg8 Kf7 26.
h5 b5 27. h6 Kg6 28. Rc7 Nd7 29. h7 Kxh7 30. Nxf6+ Kh6 31. Nxd7 Re8 32. Rc5 Rd8
33. Rd5 Rc8 34. Nxe5 Rc2 35. a3 Ra2 36. f4 36... Ra1+ {Hossa resigns} 1-0

[Event "ICS rated bullet match"]
[Site "207.99.83.229"]
[Date "1999.05.26"]
[Round "?"]
[White "Hossa"]
[Black "JSBach"]
[Result "1-0"]
[WhiteElo "2453"]
[BlackElo "2086"]
[PlyCount "161"]

1. d4 d6 2. Nf3 Nc6 3. e4 Bd7 4. Nc3 Rb8 5. d5 Ne5 6. Nxe5 dxe5 7. Qh5 Rc8 8.
Bd3 e6 9. dxe6 Bxe6 10. Qxe5 Qd7 11. Bf4 f6 12. Qa5 g5 13. Be3 a6 14. Rd1 Bd6
15. O-O Kf7 16. f4 Bxf4 17. Bxf4 Qd4+ 18. Kh1 gxf4 19. Bxa6 Qa7 20. Qh5+ Kf8
21. Bd3 Qe3 22. Rf3 Qb6 23. b3 Qb4 24. Nd5 Bxd5 25. exd5 Qd4 26. Rdf1 Qe5 27.
Bf5 Ra8 28. a4 Qxd5 29. Rxf4 Re8 30. Rh4 Re5 31. Qg4 Qf7 32. Qh3 Re7 33. Qf3 c6
34. Rd4 Re8 35. a5 Qg7 36. a6 bxa6 37. Qxc6 Ne7 38. Qxa6 Nxf5 39. Rxf5 Re1+ 40.
Rf1 Rxf1+ 41. Qxf1 Qe7 42. Qd1 h6 43. Rd8+ Kg7 44. Rd7 Kf8 45. Rxe7 Kxe7 46. c4
Rd8 47. Qe2+ Kf8 48. b4 Re8 49. Qf2 Kf7 50. Kg1 Re4 51. Qf5 Rd4 52. Kf2 Rd2+
53. Ke3 Ra2 54. Qh7+ Ke6 55. Kd4 Rd2+ 56. Kc5 Ke5 57. Qxh6 Ra2 58. g4 Re2 59.
Qh5+ Kf4 60. Qf5+ Ke3 61. Qxf6 Rg2 62. Qe6+ Kf4 63. Qf5+ Ke3 64. Qe5+ Kf2 65.
Qf4+ Kg1 66. h4 Rc2 67. Qd4+ Kh2 68. Qd6+ Kg2 69. Qd5+ Kh2 70. Qf3 Ra2 71. b5
Ra5 72. Kc6 Ra4 73. c5 Ra8 74. b6 Rg8 75. b7 Rg6+ 76. Kd5 Kg1 77. b8=Q Rg5+ 78.
Ke4 Re5+ 79. Kxe5 Kh2 80. Kf5+ Kg1 81. Qbg3# {JSBach checkmated} 1-0

[Event "ICS Rated blitz match"]
[Site "207.99.83.229"]
[Date "1999.05.26"]
[Round "?"]
[White "Hossa"]
[Black "Amateur"]
[Result "1/2-1/2"]
[WhiteElo "2407"]
[BlackElo "2476"]
[PlyCount "330"]

1. e4 c5 2. Ne2 Nf6 3. Nbc3 d6 4. g3 Nc6 5. Bg2 g6 6. d4 cxd4 7. Nxd4 Bd7 8.
Nd5 Bg7 9. Rb1 Nxd4 10. Qxd4 Rc8 11. Nc3 b6 12. O-O Rc5 13. Be3 O-O 14. Qd3 Rh5
15. Bd4 e5 16. Be3 Ng4 17. Qxd6 Be6 18. Qa3 Nxh2 19. Qxa7 Qf6 20. Rfd1 Nf3+ 21.
Kf1 Bc4+ 22. Ne2 Nd4 23. Bxd4 exd4 24. a3 Bxe2+ 25. Kxe2 Qc6 26. Qa6 Qxc2+ 27.
Kf1 b5 28. Kg1 Qb3 29. Qc6 Rd8 30. Qc7 Rf8 31. Qc6 Rb8 32. Rd2 b4 33. a4 Ra5
34. Ra1 Rh5 35. Qc7 Ra8 36. Qd7 Rha5 37. e5 Rf8 38. Qxd4 Rxa4 39. Re1 Ra6 40.
Bd5 Qa4 41. Re4 Bh6 42. f4 Re8 43. Qxb4 Qa1+ 44. Kg2 Bg7 45. Qb3 Rf8 46. Rb4
Ra7 47. Rb8 Qe1 48. Rxf8+ Bxf8 49. Qd1 Qxd1 50. Rxd1 Rc7 51. Kf3 Rc2 52. Rb1
Kg7 53. Ke3 Be7 54. Kd4 Rd2+ 55. Kc4 h5 56. b4 h4 57. gxh4 Rf2 58. Re1 Bxh4 59.
Re3 Rxf4+ 60. Re4 Rxe4+ 61. Bxe4 Kf8 62. b5 Bf2 63. Kd5 Ke7 64. Bf3 Bg1 65. Bg4
Ba7 66. Bc8 Bg1 67. Ke4 Bf2 68. Bg4 Bb6 69. Bd1 Bf2 70. Be2 Bb6 71. Kd5 Ba7 72.
Bg4 Bg1 73. Bc8 Bf2 74. Bh3 Bb6 75. Bf1 Ba7 76. Be2 Bg1 77. Bd3 Bb6 78. Bb1 Kd7
79. Be4 Be3 80. Bc2 g5 81. Bd1 Ke7 82. Bg4 Kd8 83. Be2 Ke7 84. Bh5 Bf2 85. Be2
Be3 86. Bf3 Ba7 87. Bg4 Bf2 88. Bc8 Bb6 89. Ke4 Bf2 90. Bh3 f6 91. Bg4 fxe5 92.
Kxe5 Be3 93. Ke4 Bc5 94. Kd5 Be3 95. Kc6 Bd4 96. Kc7 Bg1 97. Kb7 Kd6 98. Kb8
Kc5 99. Bd7 Kb6 100. Kc8 Bd4 101. Kd8 Bc5 102. Ke8 Kc7 103. Bg4 Kb6 104. Be2
Bd4 105. Kd7 Kc5 106. Kc7 Be5+ 107. Kb7 Bf6 108. Ka6 Bd8 109. Bg4 Bb6 110. Bf3
Bc7 111. Bb7 g4 112. b6 Bxb6 113. Bc6 Bc7 114. Kb7 Bd6 115. Be4 g3 116. Ka7 Kd4
117. Bg2 Bc5+ 118. Kb7 Bd6 119. Ka7 Bf4 120. Kb7 Kc5 121. Kc8 Kd6 122. Kd8 Bd2
123. Ke8 Bg5 124. Kf8 Ke5 125. Kg8 Be3 126. Kh8 Kf6 127. Kg8 Ke6 128. Kh8 Kf5
129. Kg8 Bc5 130. Kh8 Bd4+ 131. Kg8 Bc3 132. Kh7 Kg5 133. Kg8 Kf4 134. Bf1 Ke5
135. Kh7 Bb4 136. Bg2 Kf5 137. Kh8 Bc3+ 138. Kg8 Ke6 139. Bf1 Ba1 140. Kh7 Bf6
141. Kg8 Bc3 142. Bg2 Bd4 143. Kh7 Kf5 144. Bf1 Bb2 145. Bg2 Kg5 146. Kg8 Bd4
147. Kh7 Bc3 148. Kg8 Kf4 149. Bf1 Ke5 150. Kh7 Bb4 151. Bg2 Kf5 152. Kh8 Kf6
153. Kg8 Ke5 154. Kf7 Bc5 155. Kg7 Kf5 156. Kh7 Bd4 157. Bf1 Bc5 158. Kh8 Ke4
159. Kg8 Ba7 160. Kh8 Bd4+ 161. Kg8 Kf3 162. Kh7 Kf2 163. Bh3 Kg1 164. Kg8 Kf2
165. Kh7 165... Kf3 {Game drawn by the 50 move rule} 1/2-1/2

[Event "ICS rated blitz match"]
[Site "207.99.83.229"]
[Date "1999.05.26"]
[Round "?"]
[White "Proteus"]
[Black "Hossa"]
[Result "0-1"]
[WhiteElo "2139"]
[BlackElo "2420"]
[PlyCount "33"]

1. d4 Nf6 2. c4 e6 3. g3 Bb4+ 4. Bd2 Be7 5. Bg2 d5 6. cxd5 exd5 7. Nf3 O-O 8.
O-O Nc6 9. Nc3 Ne4 10. Rc1 Bf6 11. Bf4 Re8 12. a3 Bg4 13. Ne5 Nxc3 14. Rxc3
Nxe5 15. dxe5 Bxe5 16. Bxe5 Rxe5 17. Re1 {Proteus resigns} 0-1

[Event "ICS Rated standard match"]
[Site "207.99.83.229"]
[Date "1999.05.26"]
[Round "?"]
[White "Hossa"]
[Black "isolatedstruct"]
[Result "1-0"]
[WhiteElo "2246"]
[BlackElo "2052"]
[PlyCount "119"]

1. d4 Nf6 2. e3 g6 3. Bd3 d5 4. Nf3 Bg7 5. O-O O-O 6. b4 c6 7. Bb2 Bg4 8. Nbd2
Nbd7 9. c4 Re8 10. Qb3 a6 11. Rae1 Rc8 12. a4 Qc7 13. Ba1 Rcd8 14. Ng5 e5 15.
cxd5 Nxd5 16. e4 Bh6 17. Ndf3 Bxf3 18. Nxf3 Nf4 19. Bc4 Re7 20. dxe5 b5 21.
axb5 axb5 22. Bxf7+ Rxf7 23. e6 Nxe6 24. Qxe6 Nf8 25. Qe5 Qxe5 26. Nxe5 Rc7 27.
Ng4 Bg7 28. Rc1 Ne6 29. f4 Rd2 30. Bxg7 Kxg7 31. f5 gxf5 32. exf5 Nd4 33. f6+
Kf8 34. Rfd1 Rxd1+ 35. Rxd1 Rd7 36. Kh1 Rd5 37. Ne3 Re5 38. Rxd4 Rxe3 39. g3
Re2 40. Rh4 Kg8 41. f7+ Kxf7 42. Rxh7+ Kg6 43. Rh4 Rc2 44. Rg4+ Kf5 45. Rf4+
Kg5 46. h4+ Kh5 47. Kg1 Rb2 48. Kf1 Rc2 49. Rd4 Rb2 50. Re4 Rc2 51. Rf4 Rb2 52.
Kg1 Rc2 53. Kh1 Rc4 54. Kg2 Rc1 55. Re4 Rc3 56. Kh3 Kg6 57. Kg4 c5 58. bxc5
Rxc5 59. Re6+ Kf7 60. Rb6 {isolatedstruct resigns} 1-0

[Event "ICS rated blitz match"]
[Site "207.99.83.229"]
[Date "1999.05.26"]
[Round "?"]
[White "Quaestor"]
[Black "Hossa"]
[Result "1-0"]
[WhiteElo "2775"]
[BlackElo "2425"]
[PlyCount "58"]

1. e4 c5 2. c3 d5 3. exd5 Qxd5 4. d4 Nc6 5. Nf3 Bg4 6. Be2 Nf6 7. O-O e6 8. h3
Bh5 9. Be3 cxd4 10. cxd4 O-O-O 11. Nc3 Qf5 12. Rc1 Kb8 13. Qa4 Nd5 14. Nh4 Nxc3
15. bxc3 Qd5 16. c4 Qe4 17. Bxh5 Qxh4 18. Bxf7 Nxd4 19. Bxd4 Rxd4 20. Bxe6 Rd6
21. Rce1 Rd2 22. Re2 Bb4 23. Rxd2 Bxd2 24. Bd5 Rc8 25. Rb1 b6 26. Qa6 Rc6 27.
Bxc6 Qe7 28. c5 Ba5 29. Qxa5 29... Kc8 {Hossa resigns} 1-0

[Event "ICS Rated blitz match"]
[Site "207.99.83.229"]
[Date "1999.05.26"]
[Round "?"]
[White "Hossa"]
[Black "MissSilicon"]
[Result "1-0"]
[WhiteElo "2421"]
[BlackElo "2521"]
[PlyCount "87"]

1. d4 Nf6 2. e3 d5 3. Nf3 Bg4 4. Bb5+ c6 5. Be2 e6 6. Nbd2 Bb4 7. c3 Bd6 8. O-O
O-O 9. b3 Bf5 10. c4 Ne4 11. Nxe4 dxe4 12. Nd2 Qh4 13. f4 Bb4 14. Qc2 Bxd2 15.
Bxd2 a5 16. Be1 Qh6 17. Qb2 Nd7 18. Qa3 Nf6 19. Bd1 b6 20. Qd6 Rfc8 21. Bg3 Ra7
22. Re1 Rd7 23. Qa3 c5 24. dxc5 Rxc5 25. Be2 Rc8 26. Red1 Rcd8 27. Qa4 g5 28.
Qc6 gxf4 29. Bxf4 Rxd1+ 30. Rxd1 Rxd1+ 31. Bxd1 Qh4 32. g3 Qh3 33. Qxb6 Nd7 34.
Qxa5 Kg7 35. Be2 f6 36. Bd6 Qh6 37. Qa7 e5 38. b4 Kf7 39. a4 Ke6 40. Bc7 Bh3
41. Bb6 f5 42. Bd8 Qf8 43. Qa5 Qd6 44. c5 {MissSilicon resigns} 1-0

[Event "ICS rated blitz match"]
[Site "207.99.83.229"]
[Date "1999.05.26"]
[Round "?"]
[White "MissSilicon"]
[Black "Hossa"]
[Result "0-1"]
[WhiteElo "2501"]
[BlackElo "2441"]
[PlyCount "88"]

1. d4 Nf6 2. c4 e6 3. Nc3 Bb4 4. e3 Ne4 5. Qc2 d5 6. Bd3 Nf6 7. cxd5 exd5 8.
Bd2 O-O 9. Nf3 Bg4 10. O-O Bxf3 11. gxf3 Nc6 12. a3 Bxc3 13. bxc3 Qd7 14. Rfb1
Rab8 15. Bf5 Qd8 16. e4 Ne7 17. Bh3 h6 18. Rb2 Kh8 19. Rab1 b6 20. Kf1 c5 21.
dxc5 Qc7 22. cxb6 Qxh2 23. Bg2 axb6 24. Rxb6 Rbe8 25. Be3 Nc8 26. Rc6 dxe4 27.
fxe4 Ne7 28. Rcb6 Ng6 29. f3 Rc8 30. Rd1 Ne5 31. Qc1 Nh5 32. Rb2 Nc4 33. Ra2
Ng3+ 34. Kf2 f5 35. exf5 Nxe3 36. Qxe3 Nxf5 37. Qe4 Nh4 38. Kf1 Nxg2 39. Rxg2
Qh1+ 40. Kf2 Qxd1 41. Qg4 Qd2+ 42. Kf1 Qc1+ 43. Kf2 Qxc3 44. Kg3 44... Rc4 {
MissSilicon resigns} 0-1

[Event "ICS rated blitz match"]
[Site "207.99.83.229"]
[Date "1999.05.26"]
[Round "?"]
[White "Hossa"]
[Black "MissSilicon"]
[Result "0-1"]
[WhiteElo "2460"]
[BlackElo "2482"]
[PlyCount "113"]

1. d4 Nf6 2. e3 d5 3. Nf3 e6 4. Bb5+ Bd7 5. Bd3 Bd6 6. O-O Nc6 7. Nc3 Nb4 8. e4
dxe4 9. Nxe4 Bc6 10. Bg5 Nxd3 11. Nxd6+ Qxd6 12. Qxd3 Ng4 13. Bh4 O-O 14. Bg3
Qb4 15. Ng5 Nf6 16. Bxc7 h6 17. Nf3 Nd5 18. a3 Qxb2 19. Ba5 Bb5 20. c4 Nf4 21.
Qe3 Ne2+ 22. Kh1 Bxc4 23. Rfb1 Qc2 24. Rxb7 Rfb8 25. Rc7 Rb3 26. Qd2 Qe4 27.
Ng5 hxg5 28. Rxc4 Nf4 29. f3 Rxf3 30. Re1 Qd3 31. Qxd3 Rxd3 32. Bb4 g4 33. Kg1
g3 34. Kh1 Rd8 35. Rc7 R3xd4 36. Rxa7 Nd3 37. Rf1 Rf4 38. Rb1 Nxb4 39. hxg3 Nc6
40. gxf4 Nxa7 41. Rb7 Nc6 42. Rb3 Rd4 43. Rc3 Ne7 44. g3 Nd5 45. Rc8+ Kh7 46.
Ra8 Rd3 47. Kh2 Ne3 48. Kh1 Nf5 49. g4 Ne3 50. Ra7 Kg6 51. Kg1 Nxg4 52. Ra4 Ne3
53. Kf2 Nc2 54. Rc4 Nxa3 55. Rc5 Rd5 56. Rc6 Kf5 57. Rc7 {Hossa resigns} 0-1

[Event "ICS rated blitz match"]
[Site "chess.net"]
[Date "1999.05.26"]
[Round "?"]
[White "Hossa"]
[Black "Kanchelis"]
[Result "1/2-1/2"]
[WhiteElo "2329"]
[BlackElo "2547"]
[PlyCount "170"]

1. d4 d5 2. c4 e6 3. Nc3 Nf6 4. Bg5 Nbd7 5. cxd5 exd5 6. Qa4 c6 7. e3 Be7 8.
Bd3 O-O 9. O-O-O Ne4 10. Bxe7 Qxe7 11. Bxe4 dxe4 12. Qa5 Re8 13. Nge2 Nf6 14.
Rdf1 b5 15. Nf4 Bg4 16. h3 Be6 17. Nxe6 Qxe6 18. Rhg1 Red8 19. g4 Nd5 20. Kb1
Nb6 21. Qb4 Nc4 22. Kc1 a5 23. Qb3 a4 24. Qc2 a3 25. b3 Nd6 26. Ne2 Qd7 27. b4
Re8 28. Ng3 Ra4 29. Qc5 Qe6 30. Kb1 Qc4 31. Ka1 Qxb4 32. Qxb4 Rxb4 33. Rb1 Ra4
34. g5 Kf8 35. Ne2 Rc4 36. Ng3 c5 37. Ne2 Rc8 38. dxc5 R8xc5 39. Nd4 b4 40. Rg4
Ke7 41. Nb3 Rd5 42. Nd4 Kd7 43. h4 Kc7 44. h5 Nf5 45. Rxe4 Nxd4 46. exd4 Rcxd4
47. Re7+ Kd6 48. Rxf7 Rxg5 49. h6 gxh6 50. Rf6+ Kc5 51. Rxh6 Rf5 52. Rc1+ Rc4
53. Rxc4+ Kxc4 54. Rh4+ Kd3 55. Rxh7 Rxf2 56. Rh1 Kc4 57. Rc1+ Kb5 58. Rb1 Rc2
59. Rf1 Kc5 60. Rf5+ Kb6 61. Rf1 Rd2 62. Rc1 Re2 63. Rb1 Kc5 64. Rc1+ Kd4 65.
Rb1 Kc4 66. Rc1+ Kd3 67. Rb1 Kc3 68. Rc1+ Kd2 69. Rb1 Re1 70. Rxe1 Kxe1 71. Kb1
Kd2 72. Ka1 Kc3 73. Kb1 Kd3 74. Kc1 Kd4 75. Kc2 Kc5 76. Kb3 Kd4 77. Kxb4 Kd5
78. Kxa3 Kc4 79. Kb2 Kb4 80. Kc2 Ka3 81. Kb1 Ka4 82. Kb2 Kb4 83. Kc2 Ka3 84.
Kb1 Ka4 85. Kb2 85... Kb4 {Game drawn by repetition} 1/2-1/2

[Event "ICS Rated blitz match"]
[Site "207.99.83.229"]
[Date "1999.05.26"]
[Round "?"]
[White "Hossa"]
[Black "MissSilicon"]
[Result "0-1"]
[WhiteElo "2445"]
[BlackElo "2485"]
[PlyCount "103"]

1. e4 e5 2. Nf3 Nf6 3. Nxe5 d6 4. Nf3 Nxe4 5. d3 Nf6 6. d4 Bf5 7. Bb5+ c6 8.
Bd3 Bxd3 9. Qxd3 d5 10. Bg5 Qe7+ 11. Kd1 h6 12. Bxf6 Qxf6 13. Qb3 b6 14. Re1+
Be7 15. Qe3 a5 16. Kc1 Ra7 17. Qb3 Rb7 18. Nbd2 O-O 19. Re2 Bb4 20. c3 Bd6 21.
g3 Nd7 22. Qa4 Rc8 23. Rb1 Nf8 24. Kc2 Qf5+ 25. Kc1 Ne6 26. Qc2 Qh5 27. Qb3 Re8
28. Re1 b5 29. Qd1 Rbe7 30. Re3 Qf5 31. Ra1 Ng5 32. Rxe7 Rxe7 33. Nxg5 Qxg5 34.
a4 b4 35. f4 Qg6 36. Nb3 bxc3 37. bxc3 Re3 38. Kb2 Qe4 39. Nxa5 Qg2+ 40. Kb3
Qxh2 41. Nb7 Be7 42. g4 Qxf4 43. Ka2 Qh2+ 44. Kb3 Qb8 45. Kc2 Qxb7 46. Qf1 Qc8
47. Re1 Rxe1 48. Qxe1 Qe6 49. Qxe6 fxe6 50. a5 Bd6 51. a6 Bb8 52. Kd3 {
Hossa resigns} 0-1

[Event "ICS Rated blitz match"]
[Site "207.99.83.229"]
[Date "1999.05.26"]
[Round "?"]
[White "MissSilicon"]
[Black "Hossa"]
[Result "0-1"]
[WhiteElo "2499"]
[BlackElo "2431"]
[PlyCount "55"]

1. e4 e5 2. Nf3 Nf6 3. Nxe5 d6 4. Nf3 Nxe4 5. d4 d5 6. Bd3 Be7 7. O-O Nc6 8.
Re1 Bg4 9. Bxe4 dxe4 10. Rxe4 Bxf3 11. gxf3 f5 12. Rf4 Qd7 13. d5 Bg5 14. Rc4
Bxc1 15. Qxc1 Qxd5 16. Qe3+ Kf7 17. Rc5 Qd1+ 18. Kg2 Kf6 19. h4 Raf8 20. Qf4 g6
21. Qxc7 Rf7 22. Qf4 Kg7 23. h5 Re8 24. hxg6 Kxg6 25. Qg3+ Kf6 26. Qh4+ Kg7 27.
Qg5+ Kh8 28. c3 {MissSilicon resigns} 0-1

[Event "ICS rated blitz match"]
[Site "207.99.83.229"]
[Date "1999.05.26"]
[Round "?"]
[White "Hossa"]
[Black "MissSilicon"]
[Result "1-0"]
[WhiteElo "2450"]
[BlackElo "2480"]
[PlyCount "109"]

1. e4 d5 2. exd5 Qxd5 3. Nc3 Qa5 4. d4 c6 5. Nf3 Bg4 6. Be2 e6 7. O-O Bb4 8.
Ne4 Qd5 9. Neg5 f6 10. h3 Bf5 11. g4 Bg6 12. c4 Qd7 13. Qb3 c5 14. Rd1 Qe7 15.
a3 Ba5 16. dxc5 Nc6 17. Nxe6 Qxe6 18. Qxb7 Rb8 19. Nd4 Rxb7 20. Nxe6 Re7 21.
Rd6 Nd8 22. Nxd8 Rxe2 23. Re6+ Rxe6 24. Nxe6 Kf7 25. Nd4 Ne7 26. Bf4 Bd3 27. b4
Ng6 28. Bg3 Bd8 29. Rc1 a5 30. Rc3 Bb1 31. c6 axb4 32. axb4 Ne5 33. b5 Bc7 34.
Nf3 Rd8 35. Nxe5+ fxe5 36. c5 Bb8 37. Rf3+ Ke8 38. Rb3 Be4 39. f3 Bc2 40. Ra3
Rd1+ 41. Kf2 Rd2+ 42. Ke3 Rd5 43. Ra8 Rd3+ 44. Ke2 Rd8 45. Bh4 g5 46. Bxg5 Rc8
47. b6 Kf7 48. Kd2 Rxc6 49. Rxb8 Rxc5 50. b7 Rb5 51. Kxc2 h5 52. gxh5 Kg7 53.
h6+ Kh7 54. h4 Rc5+ 55. Kd3 {MissSilicon resigns} 1-0

[Event "ICS Rated blitz match"]
[Site "207.99.83.229"]
[Date "1999.05.26"]
[Round "?"]
[White "Hossa"]
[Black "JudgeTurpin"]
[Result "0-1"]
[WhiteElo "2467"]
[BlackElo "2386"]
[PlyCount "91"]

1. e4 e5 2. d4 Nc6 3. d5 Nce7 4. Nd2 Nf6 5. Ngf3 d6 6. Bb5+ Bd7 7. c4 Ng6 8.
Qb3 c6 9. Ba4 cxd5 10. exd5 Be7 11. O-O O-O 12. Re1 Bxa4 13. Qxa4 Nf4 14. Qb3
Nd7 15. Qxb7 Nc5 16. Qb4 Ncd3 17. Qa3 Nxe1 18. Nxe1 Qc7 19. Qf3 f5 20. Nd3 Ng6
21. Qe3 e4 22. Nf4 Nxf4 23. Qxf4 Rae8 24. b3 Bf6 25. Rb1 Be5 26. Qe3 Qa5 27. a3
Qc3 28. Qxa7 Bd4 29. Bb2 Qxb2 30. Rxb2 Bxa7 31. g3 Kf7 32. Kg2 Kf6 33. Ra2 g6
34. Kf1 e3 35. fxe3 Rxe3 36. Rb2 Rfe8 37. c5 Re1+ 38. Kg2 R8e2+ 39. Kh3 Bxc5
40. Nc4 Rxb2 41. Nxb2 g5 42. Kg2 Re2+ 43. Kf1 Rxb2 44. b4 Be3 45. h3 f4 46.
gxf4 {Hossa resigns} 0-1

[Event "ICS rated standard match"]
[Site "207.99.83.229"]
[Date "1999.05.26"]
[Round "?"]
[White "Nothing"]
[Black "Hossa"]
[Result "0-1"]
[WhiteElo "1963"]
[BlackElo "2251"]
[PlyCount "120"]

1. e4 e5 2. Nf3 Nf6 3. d3 Nc6 4. Nbd2 d5 5. Be2 Bd6 6. c3 O-O 7. Qc2 Bg4 8. Nf1
d4 9. c4 Nb4 10. Qd1 c6 11. a3 Bxf3 12. Bxf3 Qa5 13. Ke2 Na6 14. Bd2 Qb6 15. b4
c5 16. b5 Nc7 17. Qe1 Ne6 18. Ba5 Nf4+ 19. Kd1 Nxd3 20. Qd2 Nxf2+ 21. Kc2 d3+
22. Kb3 N6xe4 23. Bxb6 Nxd2+ 24. Nxd2 Nxh1 25. Ba5 Nf2 26. Rf1 e4 27. Nxe4 Nxe4
28. Bxe4 Rae8 29. Bxb7 Re2 30. Bd5 Bxh2 31. Bc3 Bd6 32. a4 Bc7 33. a5 Re3 34.
Ra1 d2 35. Kc2 Rxc3+ 36. Kxc3 Be5+ 37. Kxd2 Bxa1 38. b6 axb6 39. a6 b5 40. cxb5
Be5 41. a7 c4 42. a8=Q Rxa8 43. Bxa8 Kf8 44. Be4 Ke7 45. b6 h5 46. b7 Ke6 47.
Bc6 f5 48. Ke3 h4 49. Bb5 c3 50. Kd3 g5 51. b8=Q Bxb8 52. Kxc3 Ke5 53. Kd3 Kf4
54. Ke2 Kg3 55. Kf1 f4 56. Bc6 Ba7 57. Ke2 g4 58. Bd5 h3 59. gxh3 f3+ 60. Kf1
60... gxh3 {Nothing resigns} 0-1

[Event "ICS rated blitz match"]
[Site "207.99.83.229"]
[Date "1999.05.26"]
[Round "?"]
[White "Firebreath"]
[Black "Hossa"]
[Result "0-1"]
[WhiteElo "2443"]
[BlackElo "2447"]
[PlyCount "34"]

1. e4 e5 2. Nf3 Nf6 3. Nxe5 d6 4. Nf3 Nxe4 5. Qe2 Qe7 6. d3 Nf6 7. Bg5 Qxe2+ 8.
Bxe2 Be7 9. Nc3 O-O 10. O-O-O Nc6 11. Nb5 Nd5 12. Bxe7 Ncxe7 13. c4 Bd7 14.
Nxd6 Nf4 15. Nxb7 Nxe2+ 16. Kd2 Nf4 17. Nc5 17... Bg4 {Firebreath resigns} 0-1

[Event "ICS rated blitz match"]
[Site "207.99.83.229"]
[Date "1999.05.26"]
[Round "?"]
[White "MissSilicon"]
[Black "Hossa"]
[Result "1-0"]
[WhiteElo "2474"]
[BlackElo "2463"]
[PlyCount "175"]

1. e4 e5 2. Nf3 Nf6 3. d4 exd4 4. e5 Ne4 5. Qxd4 d5 6. exd6 Nxd6 7. Nc3 Nc6 8.
Qf4 Nf5 9. Bb5 Bd6 10. Qe4+ Qe7 11. O-O Qxe4 12. Nxe4 O-O 13. Nxd6 cxd6 14. Rd1
Be6 15. Bf4 d5 16. Rd2 Rac8 17. Re1 Rce8 18. Ba4 Kh8 19. c3 a6 20. Rde2 Bd7 21.
Ne5 Re7 22. Nxd7 Rxd7 23. Bc2 Nfe7 24. Be3 Rg8 25. Bc5 Ng6 26. Bf5 Rdd8 27. Bb6
Nf4 28. Re3 Rdf8 29. g3 Nh5 30. Bc5 Rd8 31. Be7 d4 32. cxd4 Rxd4 33. Rd3 Rxd3
34. Bxd3 Re8 35. Bb4 Rxe1+ 36. Bxe1 Nf6 37. f4 b5 38. Kg2 Nd5 39. Be4 Nce7 40.
Bf2 f5 41. Bd3 Nb4 42. Bb1 Nbc6 43. Kf3 g6 44. h3 h5 45. Bc5 Kh7 46. Bd3 Nd5
47. g4 Ndb4 48. Bb1 fxg4+ 49. hxg4 hxg4+ 50. Kxg4 Nd5 51. Kg5 Kg7 52. Be4 Nc7
53. f5 gxf5 54. Kxf5 Nd8 55. Bd6 Ne8 56. Be7 Nf7 57. Ke6 Kg8 58. Kd7 Ng7 59.
Kc7 Ne8+ 60. Kb6 Nfd6 61. Bd5+ Kh8 62. Bd8 Ng7 63. Kxa6 Kh7 64. Bb6 Ngf5 65.
Bc5 Kg6 66. Bc6 Nc4 67. b4 Nfd6 68. Bxb5 Nxb5 69. Kxb5 Na3+ 70. Ka6 Nc4 71. b5
Ne5 72. b6 Nd3 73. Bd6 Kf6 74. b7 Ke6 75. b8=Q Nc1 76. Bg3 Kf7 77. Qc7+ Kg8 78.
Qxc1 Kg7 79. a4 Kf6 80. Qf4+ Kg7 81. a5 Kg6 82. Kb6 Kg7 83. a6 Kg6 84. a7 Kh5
85. a8=Q Kg6 86. Qe8+ Kg7 87. Qef7+ Kh8 88. Qe5# {Hossa checkmated} 1-0

[Event "ICS rated blitz match"]
[Site "207.99.83.229"]
[Date "1999.05.26"]
[Round "?"]
[White "Hossa"]
[Black "sixtyfifth"]
[Result "1-0"]
[WhiteElo "2452"]
[BlackElo "2058"]
[PlyCount "129"]

1. e4 Nf6 2. e5 Nd5 3. d4 d6 4. Nf3 g6 5. Bc4 c6 6. Bxd5 cxd5 7. Bf4 dxe5 8.
Bxe5 f6 9. Bf4 Bg7 10. O-O O-O 11. Nbd2 Be6 12. Re1 Bf7 13. Rc1 Nc6 14. Nb3 Rc8
15. Nc5 b6 16. Ne6 Bxe6 17. Rxe6 Qd7 18. Re2 Rfe8 19. Qd2 e5 20. dxe5 fxe5 21.
Bh6 Rcd8 22. Rce1 e4 23. Bxg7 Qxg7 24. c3 Qf7 25. Ng5 Qf5 26. h4 Ne5 27. Qe3
Rf8 28. Qg3 Nd3 29. Rf1 Nf4 30. Re3 Nh5 31. Qc7 Rd7 32. Qh2 h6 33. Nh3 Qg4 34.
Qe5 Qxh4 35. Qe6+ Rdf7 36. Qxg6+ Rg7 37. Qe6+ Rff7 38. c4 dxc4 39. Rxe4 Qf6 40.
Qxf6 Nxf6 41. Rxc4 Rc7 42. Rxc7 Rxc7 43. a3 Rc2 44. Rb1 Nd5 45. Kh2 Kg7 46. Kg3
Kf6 47. a4 a5 48. Rd1 Ke5 49. Ng1 Rxb2 50. Nf3+ Kd6 51. Rh1 Kc5 52. Ne5 Rb4 53.
Nd3+ Kc4 54. Nxb4 Kxb4 55. Rh4+ Kb3 56. Rxh6 Kxa4 57. Rd6 Nc3 58. Rxb6 Nb5 59.
f4 Kb4 60. f5 a4 61. f6 a3 62. f7 a2 63. f8=Q+ Kc4 64. Qf1+ Kb3 65. Qxb5+ {
sixtyfifth resigns} 1-0

[Event "ICS rated blitz match"]
[Site "207.99.83.229"]
[Date "1999.05.26"]
[Round "?"]
[White "RETI"]
[Black "Hossa"]
[Result "1-0"]
[WhiteElo "2357"]
[BlackElo "2455"]
[PlyCount "56"]

1. e4 e5 2. Nf3 Nf6 3. Nxe5 d6 4. Nf3 Nxe4 5. d4 d5 6. Bd3 Nc6 7. O-O Bg4 8. c4
Nf6 9. Nc3 Bxf3 10. Qxf3 Nxd4 11. Qh3 dxc4 12. Bxc4 Bc5 13. Be3 O-O 14. Rfd1
Re8 15. Qh4 Ne4 16. Qf4 g5 17. Qxf7+ Kh8 18. Nxe4 Rxe4 19. Bd5 Rg4 20. h3 Rh4
21. g3 Ne2+ 22. Kf1 Nxg3+ 23. fxg3 Rh6 24. Bxc5 Rf6+ 25. Kg1 Rxf7 26. Bxf7 Kg7
27. Rxd8 Rxd8 28. Bc4 28... a5 {Hossa resigns} 1-0

[Event "ICS rated blitz match"]
[Site "207.99.83.229"]
[Date "1999.05.26"]
[Round "?"]
[White "RETI"]
[Black "Hossa"]
[Result "0-1"]
[WhiteElo "2383"]
[BlackElo "2437"]
[PlyCount "130"]

1. c4 e5 2. Nc3 Nc6 3. g3 Nf6 4. Nf3 Be7 5. Bg2 O-O 6. O-O d6 7. d4 exd4 8.
Nxd4 Nxd4 9. Qxd4 Nd7 10. Nd5 Nb6 11. Nxe7+ Qxe7 12. Re1 Qe5 13. Qxe5 dxe5 14.
c5 Nd7 15. Be3 Nf6 16. Bg5 Ng4 17. c6 Rb8 18. h3 Nf6 19. Rec1 bxc6 20. Bxf6
gxf6 21. Rxc6 Rxb2 22. Rxc7 a6 23. Rc6 Kg7 24. Kf1 h5 25. Rd6 Re8 26. a4 Rc2
27. h4 e4 28. Bh1 Bb7 29. Rb6 Bc8 30. Bg2 f5 31. Rd1 Ra2 32. Rb4 Bd7 33. Rb6
Re6 34. a5 Rxa5 35. Rbb1 Bb5 36. Rb2 Kg6 37. Bh3 Bc4 38. Ke1 Ra2 39. Rxa2 Bxa2
40. Rd2 Bc4 41. Rd7 Re5 42. Rc7 Be6 43. Rc6 Ra5 44. Rd6 Ra1+ 45. Kd2 Rh1 46.
Bg2 Rh2 47. Bf1 f4 48. Rxe6+ fxe6 49. gxf4 Rxf2 50. Bh3 Rxf4 51. Bxe6 Kf6 52.
Bd7 Rxh4 53. Ke3 Ke5 54. Bc6 Rh3+ 55. Kf2 Kf4 56. e3+ Rxe3 57. Bb7 Ra3 58. Ke2
Ra2+ 59. Ke1 h4 60. Bd5 Ra1+ 61. Ke2 h3 62. Be6 h2 63. Bd5 h1=Q 64. Kd2 Rc1 65.
Bb3 65... Qe1# {RETI checkmated} 0-1